000 00825nam a2200265 i 4500
001 C2-0329383
003 PPAK
005 20180728130448.0
008 141217s2007 my a|||| ||||| | may d
020 _a9834276176
040 _aPPAK
_beng
_cPPAK
_erda
082 0 4 _a899.233
_223
090 0 0 _a899.233
_bDLY
_dK
100 0 _aDlyn Azmi,
_eauthor
245 1 0 _aPengembaraan fantasi :
_bpintu cahaya
264 1 _aBandar Baru Bangi, Selangor :
_bKarnaDya Solutions ,
_c2007
300 _a146 pages :
_billustrations ;
_c19 cm
336 _2rdacontent
_atext
337 _2rdamedia
_aunmediated
338 _2rdacarrier
_avolume
500 _aMengandungi biodata penulis.
650 1 0 _aFantasy fiction, Malay. ; Young adult fiction, Malay. ; Malay fiction.
700 0 _aAzliana Rashidah,
_eeditor
942 _ddc
_cB
999 _c128621
_d128621